La Ciudad interior

מידע ביבליוגרפי
מחברים אחרים: Kennedy, Declan (Editor), Kennedy, Margrit I. (Editor)
פורמט: ערכה
שפה:Spanish
סדרה:Ciencia Urbanistica
נושאים:

MARC

LEADER 00000csc a2200000 a 4500
001 70650
005 20230308213249.0
008 000000|1978 ||||||||r|||||||||||spa||
020 |a 8425207401 
040 |b spa 
041 1 |a spa 
082 0 |a 711 
245 |a La Ciudad interior  |c Editada por Declan Kennedy y Margrit I. Kennedy. Asesores de la recopilación, Jane Drew, Theo Crosby, David Lewis, Dennis Sharp  |h imp 
264 |a Barcelona  |b Gustavo Gili  |c 1978 
300 |a 227 páginas:  |b ilu  |c 24 cm 
490 |a Ciencia Urbanistica  |n no. 20 
650 |a Planificacion urbana  |9 932 
650 |a Urbanismo  |9 110 
650 |a Ciudades  |9 5707 
700 1 |a Kennedy, Declan  |e editor  |9 291171 
700 1 |a Kennedy, Margrit I.  |e editor  |9 291172 
852 |a UC-CDJBV  |c ESTANTERIA CERRADA  |f Compra  |k zulay.encalada  |l 1  |m General  |p 00000000  |r 2  |t 70650  |b 0  |d CDRC  |e CDRC  |g 711 ESTANTERIA CERRADA  |z 0000-00-00 
942
999 |c 124930  |d 124930